The delivery of bad news in organizations : (Record no. 121007)
[ view plain ]
| 000 -LEADER | |
|---|---|
| fixed length control field | 00519nam a2200193Ia 4500 |
| 008 - FIXED-LENGTH DATA ELEMENTS--GENERAL INFORMATION | |
| fixed length control field | 140626s9999 xx 000 0 und d |
| 100 ## - MAIN ENTRY--PERSONAL NAME | |
| Personal name | Bies, Robert. |
| 245 #4 - TITLE STATEMENT | |
| Title | The delivery of bad news in organizations : |
| Remainder of title | a framework for analysis / |
| Statement of responsibility, etc | Robert Bies. |
| 260 ## - PUBLICATION, DISTRIBUTION, ETC. (IMPRINT) | |
| Date of publication, distribution, etc | c2013. |
| 300 ## - PHYSICAL DESCRIPTION | |
| Extent | 39 : 1, page 136 |
| 440 ## - SERIES STATEMENT/ADDED ENTRY--TITLE | |
| Title | Journal of Management |
| 521 ## - TARGET AUDIENCE NOTE | |
| Target audience note | |
| 650 ## - SUBJECT ADDED ENTRY--TOPICAL TERM | |
| Topical term or geographic name as entry element | Bad news. |
| 650 ## - SUBJECT ADDED ENTRY--TOPICAL TERM | |
| Topical term or geographic name as entry element | Coping. |
| 650 ## - SUBJECT ADDED ENTRY--TOPICAL TERM | |
| Topical term or geographic name as entry element | Impression management. |
| 650 ## - SUBJECT ADDED ENTRY--TOPICAL TERM | |
| Topical term or geographic name as entry element | Justice. |
| 650 ## - SUBJECT ADDED ENTRY--TOPICAL TERM | |
| Topical term or geographic name as entry element | Leadership. |
| 942 ## - ADDED ENTRY ELEMENTS (KOHA) | |
| Koha item type | Periodicals |
| Withdrawn status | Lost status | Damaged status | Home library | Current library | Shelving location | Date acquired | Total Checkouts | Barcode | Date last seen | Price effective from | Koha item type |
|---|---|---|---|---|---|---|---|---|---|---|---|
| College Library | College Library | Periodical Section | 06/26/2014 | S0115 | 06/26/2014 | 06/26/2014 | Periodicals |